000 00967cam a22002777a 4500
005 20220329141147.0
008 971010s r 00010 d
010 _a63640
011 _a64612
035 _a70362
090 _aR-18
100 0 0 _aAltamirano, Rosa María.
_94672
245 0 _aEcología de la vegetación de dunas costeras
_b: semillas en el suelo
500 _aSobretiro de : Biótica 7 (4) : 569-575, 1982.
590 _aBATCH-UPD
_b10
_c20130110
_lUCH01
_h0458
590 _aBATCH-UPD
_b10
_c20130110
_lUCH01
_h2313
590 _aBATCH-UPD
_b10
_c20130410
_lUCH01
_h0136
590 _aBATCH-UPD
_b10
_c20130914
_lUCH01
_h0248
590 _aCONVERSION
_b10
_c20130109
_lUCH01
_h1334
650 1 4 _aDunas.
_934457
650 1 4 _aEcología vegetal.
_935188
700 0 _aGuevara, Sergio.
_951331
710 0 _aInstituto Nacional de Investigaciones sobre Recursos Bióticos. México.
_959363
901 _aBK
949 _aR-18
_bZA
_cLIBRO
_d-2714
_eTS1
_i70362
_si
999 _c63640
_d63640